Era como mi sombra / (Registro nro. 17818)
[ vista simple ]
| 000 - LÍDER | |
|---|---|
| campo de control de longitud fija | 00926cam a2200289 i 4500 |
| 001 - NÚMERO DE CONTROL | |
| campo de control | 991017479955407486 |
| 005 - FECHA Y HORA DE LA ÚLTIMA TRANSACCIÓN | |
| campo de control | 20260429102550.0 |
| 008 - ELEMENTOS DE DATOS DE LONGITUD FIJA - INFORMACIÓN GENERAL | |
| campo de control de longitud fija | 241113s2023 ck jr 0001fdspa d |
| 020 ## - INTERNATIONAL STANDARD BOOK NUMBER | |
| International Standard Book Number | 9786287525993 |
| 040 ## - FUENTE DE CATALOGACIÓN | |
| Agencia de catalogación original | CO-BoBLA |
| Lenguaje de catalogación | spa |
| Agencia de transcripción | RIMSLA |
| Descripción convenciones | rda |
| Agencia modificadora | RIMSLA |
| 043 ## - CÓDIGO DE ÁREA GEOGRÁFICA | |
| Código de área geográfica | s-ck--- |
| 082 04 - NÚMERO DE CLASIFICACIÓN DECIMAL DEWEY | |
| Número de clasificación | Co863.6 |
| Número de artículo | L69e4 |
| Número de edición | 19 |
| 084 ## - OTRO NÚMERO DE CLASIFICACIÓN | |
| Número de clasificación | NLOZ |
| 100 1# - ENTRADA PRINCIPAL - NOMBRE PERSONAL | |
| Nombre de la persona | Lozano, Pilar, |
| Fechas asociadas a un nombre | 1951- |
| Término del Relator | autora |
| 245 10 - TÍTULO DECLARACIÓN | |
| Título | Era como mi sombra / |
| Declaración de responsabilidad | Pilar Lozano. |
| 264 #1 - AVISO DE PRODUCCIÓN, PUBLICACIÓN, DISTRIBUCIÓN, FABRICACIÓN Y DERECHOS DE AUTOR | |
| Lugar de producción | Bogotá : |
| Nombre del productor | Penguin Random House Grupo Editorial, |
| Fecha de producción | 2023 |
| 300 ## - DESCRIPCIÓN FÍSICA | |
| Alcance | 109 páginas ; |
| Dimensiones | 21 cm. |
| 336 ## - TIPO DE CONTENIDO | |
| Tipo de contenido | texto |
| Código de tipo de contenido | txt |
| Fuente | rdacontent |
| 337 ## - TIPO DE MEDIO | |
| Término del tipo de medio | sin mediación |
| Código de tipo de medio | n |
| Fuente | rdamedia |
| 338 ## - TIPO DE PORTADOR | |
| Término del tipo de operador | volumen |
| Código de tipo de operador | nc |
| Fuente | rdacarrier |
| 650 #7 - ENTRADA DE SUJETO AÑADIDO - TÉRMINO TÓPICO | |
| Término tópico o elemento de entrada del nombre geográfico | Novela juvenil colombiana. |
| Fuente del título o término | BLAAUTO |
| 650 #7 - ENTRADA DE SUJETO AÑADIDO - TÉRMINO TÓPICO | |
| Término tópico o elemento de entrada del nombre geográfico | Conflicto armado colombiano |
| Subdivisión de forma | Novela. |
| Fuente del título o término | BLAAUTO |
| 650 #7 - ENTRADA DE SUJETO AÑADIDO - TÉRMINO TÓPICO | |
| Término tópico o elemento de entrada del nombre geográfico | Guerrilleros |
| Subdivisión geográfica | Colombia |
| Subdivisión de forma | Novela. |
| Fuente del título o término | BLAAUTO |
| 650 #7 - ENTRADA DE SUJETO AÑADIDO - TÉRMINO TÓPICO | |
| Término tópico o elemento de entrada del nombre geográfico | Reconciliación |
| Subdivisión de forma | Novela. |
| Fuente del título o término | BLAAUTO |
| 942 ## - ELEMENTOS DE ENTRADA AGREGADOS (KOHA) | |
| Fuente de clasificación o esquema de estanterías | Dewey Decimal Classification |
| Tipo de artículo Koha | Libro |
| 949 ## - INFORMACIÓN DE PROCESAMIENTO LOCAL (OCLC) | |
| a | c |
| b | c |
| Estado de retirada | Pérdida de estatus | Fuente de clasificación o esquema de estanterías | Estado dañado | No para préstamo | Ubicación permanente | Ubicación actual | Ubicación de las estanterías | Fecha de adquisición | Fuente de adquisición | Total de Cajas | Número Topográfico | Código de barras | Precio efectivo desde | Número de copia | Fecha de la última vez que se vio | Tipo de artículo Koha |
|---|---|---|---|---|---|---|---|---|---|---|---|---|---|---|---|---|
| Dewey Decimal Classification | Biblioteca Pública Municipal León de Greiff | Biblioteca Pública Municipal León de Greiff | Área General | 29/04/2026 | BIBLIOTECA NACIONAL | NLOZ | RIMSLA 005 | 29/04/2026 | EJ:1 | 29/04/2026 | Libro |